000 00946nam a2200349 a 4500
003 AR-BaBNM
005 20251128205301.0
008 082120s2002 ||||||||||||||000 | spa||
020 _a950-02-5007-1
040 _cAR-BaBNM
100 1 _aHorton, Paul B.
245 0 0 _aIntroducción a la sociología
250 _a4ª ed.
260 _aBuenos Aires
_bEl Ateneo
_c1996
300 _axi, 176 p.
_bgráfs.
490 0 _aSociología y ciencias políticas
500 _aGlosario p. 171-176
650 4 _aPERSONALIDAD
650 4 _aSOCIALIZACION
650 4 _aGRUPOS
650 4 _aINSTITUCIONES RELIGIOSAS
650 4 _aINSTITUCIONES POLITICAS
650 4 _aPOBLACION
650 4 _aPROBLEMAS SOCIALES
650 4 _aSOCIOLOGIA
653 _aESTABLECIMIENTOS EDUCATIVOS
700 1 _aHorton, Robert L.
700 1 _aHermanson, Roger H.
_ecoordinador
700 1 _aJuárez, Juana
_etraductor
942 _cBK
998 _cCarmen
999 _c10733
_d10733